Quizzes
Events
Quiz Creation
Community
Videos
Private Events
Remove Ads
Sign In
Join for FREE
Feedback
Dark Mode
Quiz Categories
Sports
Geography
Music
Movies
Television
Just For Fun
Miscellaneous
History
Literature
Language
Science
Gaming
Entertainment
Religion
Holiday
For Kids
Quiz Lab
Recent
Popular Today
Quiz Kudos Today
Editor Picks
Curator Picks
Quizzes by...
Day
Popularity
Type
Ratings
Length
Year
Community
Subscriptions
Recent Discussions
Orange Saloon
Badges
Playlists
Quests
Create
Leaderboards
Showdown
Live 5
Trivia Bingo
Activity
Puzzle Library
Sporcle Events
Private Events
Virtual Trivia
Globe League
Become a Host
Pub Owners
SporcleCon
Opinionation
Our Games
Videos
Blog
Mobile Apps
Partnerships
Remove Ads and Go Orange
Feedback
Sports
Athletes
MLB
NBA
NHL
NFL
Soccer
Sports Teams
WWE
NCAA
Football
Premier League
Basketball
Baseball
Hockey
Golf
Tennis
Cricket
Rugby
Auto Racing
Olympics
World Cup
Sports
Athletes
MLB
NBA
NHL
NFL
Soccer
Sports Teams
WWE
NCAA
Football
Premier League
Basketball
Baseball
Hockey
Golf
Tennis
Cricket
Rugby
Auto Racing
Olympics
World Cup
Random Quiz
Search Sporcle
×
Quiz Lab
Quiz Lab
Sports
Basketball
Type in answers that appear in a list
Type in answers that appear in a list
Classic
Best Score? Go Orange.
Chicago Bulls Starting 5's Since 2010 Stats
Can you name the Chicago Bulls Starting 5's Since 2010?
By
bennyokc
7m
50 Questions
1,511 Plays
1,511 Plays
1,511 Plays
Comments
Comments
Give Quiz Kudos
Give Quiz Kudos
-
- Ratings
hide this ad
Replay
Link that replays current quiz
Next Quiz
Link to next quiz in quiz playlist
You Got
0%
They Got
Avg Score
66%
Avg Friend Score
Upgrade to see
Score Distribution
Jump to the score distribution portion of the page
Score
0/50
Timer
07:00
0
Plays Today
Year
Player
% Correct
2015-
16
Derrick Rose
98%
2014-
15
Derrick Rose
98%
2011-
12
Derrick Rose
98%
2010-
11
Derrick Rose
98%
2019-
20
Zach LaVine
97%
2018-
19
Zach LaVine
97%
2014-
15
Joakim Noah
94.6%
2013-
14
Joakim Noah
94.6%
2012-
13
Joakim Noah
94.6%
2011-
12
Joakim Noah
94.6%
2010-
11
Joakim Noah
94.6%
2016-
17
Jimmy Butler
86.9%
2015-
16
Jimmy Butler
86.9%
2014-
15
Jimmy Butler
86.9%
2013-
14
Jimmy Butler
86.9%
2012-
13
Luol Deng
79.9%
2011-
12
Luol Deng
79.9%
2010-
11
Luol Deng
79.9%
2013-
14
Carlos Boozer
74.2%
2012-
13
Carlos Boozer
74.2%
2011-
12
Carlos Boozer
74.2%
2010-
11
Carlos Boozer
74.2%
2019-
20
Lauri Markkanen
73.9%
2018-
19
Lauri Markkanen
73.9%
2017-
18
Lauri Markkanen
73.9%
Year
Player
% Correct
2019-
20
Wendell Carter Jr
68%
2016-
17
Taj Gibson
63%
2015-
16
Taj Gibson
63%
2018-
19
Kris Dunn
60.6%
2017-
18
Kris Dunn
60.6%
2015-
16
Pau Gasol
60.5%
2014-
15
Pau Gasol
60.5%
2013-
14
Kirk Hinrich
60.5%
2012-
13
Kirk Hinrich
60.5%
2016-
17
Dwyane Wade
59%
2019-
20
Kris Dunn
58.8%
2016-
17
Rajon Rondo
49.2%
2018-
19
Robin Lopez
48%
2017-
18
Robin Lopez
48%
2016-
17
Robin Lopez
48%
2019-
20
Tomas Satoransky
46.7%
2018-
19
Otto Porter
42.8%
2017-
18
Denzel Valentine
30.8%
2014-
15
Mike Dunleavy
30%
2013-
14
Mike Dunleavy
30%
2012-
13
Richard Hamilton
29.4%
2017-
18
Justin Holiday
21%
2010-
11
Keith Bogans
19.7%
2011-
12
Ronnie Brewer
19%
2015-
16
Tony Snell
13.7%
Quiz Playlist
Details
Report
Send in Message
Add To Playlist
Classic:
Type in answers that appear in a list
Last Updated: Oct 3, 2019
Quiz Scoreboard
CHALLENGE
Sign Up to Join the Scoreboard
Show All
Scores
Hide
Comments
May contain spoilers
Recently Published
Presidents Visiting Landmarks
by Hejman
History
7m
An Introduction to Baseball
by treessimontrees
Sports
5m
Movies - When Are They Set?
by FPL_Elf
Movies
5m
More to Explore
Quiz From the Vault
Featured Blog Post
Where Did the Easter Bunny Come From?
hide this ad
You Might Also Like...
Tags
Basketball Quiz
NBA Quiz
Chicago Bulls
NBA All-Star
NBA Finals
NBA MVP
NBA Opening Lineups
NBA Player
NBA Playoffs
NBA Points
NBA Team Leaders
NBA Teams
Today's Top Quizzes in Sports
Browse Sports
hide this ad
Today's Top Quizzes in Basketball
Browse Basketball
Top Contributed Quizzes in Sports
1
Les meilleurs buteurs des matchs entre le PSG et l’OM
2
2022 World Cup Stars
3
FIFA Club World Cup Champions
4
Les entraîneurs de l'OM et du PSG au 21e siècle
5
Name the Premier League winners with different clubs
6
La finale Lions - Afrique du Sud 2021
7
England Test cricketers to play under Nasser Hussain
8
5-to-1: UK Sports Teams
9
Les joueurs passés par le LOSC et le RC Lens
10
Criteria MLB: Left Handed Sluggers
Explore More
Trending Topics
Disney
Anime
Crossword
NBA
Marvel
Kpop
Harry Potter
Pokémon
Soccer
NFL
Song
The Office
Puzzle
Country
WWE
hide this ad
More By:
bennyokc
Quiz
Plays
Rating
Category
Featured
Created
NBA 2023-24 Projected Starting Lineups
55,381
3.71
Sports
Jul 20, 2019
Top 100 Rated Players On NBA 2K24
35,387
4.15
Sports
Aug 19, 2019
ESPN's Last Five Top 100 NBA Players Lists
15,068
5.00
Sports
Aug 13, 2023
ESPN's Top 100 NBA Players 2020-21
8,920
4.71
Sports
Dec 10, 2020
NBA Crossword Random Facts
8,550
4.08
Sports
Jul 23, 2019
Go to Creator's Profile
Score Distribution
Quiz Creator Spotlight
bennyokc
Follow
Send a Message
Quizzes Created
-
Created Quiz Play Count
-
More By This Creator
Popular Quizzes Today
1
Find the Countries of Europe - No Outlines Minefield
2
Find the US States - No Outlines Minefield
3
The Countries of the World
4
Popular People in 1961
5
Find the US States
6
US States
7
Risky Map Clicking: Biggest States A-Z
8
1-10 Letter E Words III
More Sports Quizzes
Hall of Fame Defensive Backs by Final Team
Quiz Lab
Trending Quizzes
Risky Map Clicking: Least Populous States A-Z
1-10 Letter F Words
1-10 Letter G Words
One Thing in Common: United Kingdom
Risky Map Clicking: Next State Alphabetically
Recently Updated
Leaping Animals
pecheneg
Reality TV Shows (A-Z)
bhenderson79
Rickey Henderson's Hall of Fame Teammates
pecheneg
Champions League XIs: Arsenal
pecheneg
Quick Pick: Celebrities in WWE's Hall of Fame
aduchscher
A-Z Keypad Blitz II
pecheneg
Multiple Oscar Actors
pecheneg
Mystery Phrase Blitz: Oscar 'Best Actors'
pecheneg
F. Scott Fitzgerald Novels
LTH
Pick 3 Villains
ddd62291
Trending Topics
Disney
Marvel
Kpop
Crossword
Anime
Harry Potter
NBA
Puzzle
Pokémon
The Office
NFL
Soccer
Country
WWE
Song
Your Account Isn't Verified!
In order to create a playlist on Sporcle, you need to verify the email address you used during registration. Go to your
Sporcle Settings
to finish the process.
Report this User
Report this user for behavior that violates our
Community Guidelines
.
Details:
Send Report
Go to the Sporcle.com Mobile Site →
Comments